Music Quiz

Random Music or Nintendo Quiz

'Mr. Jones' Lyrics Quiz Stats

 Plays Quiz not verified by Sporcle

Score 0/300 Timer 09:00
0 Plays Today
** * % Correct
-Mr.
97.4%
-Mr.
97.4%
-Mr.
97.4%
-Mr.
97.4%
-Mr.
97.4%
-Mr.
97.4%
-Mr.
97.4%
-Mr.
97.4%
-Jones
97.4%
-Jones
97.4%
-Jones
97.4%
-Jones
97.4%
-Jones
97.4%
-Jones
97.4%
-Jones
97.4%
-Jones
97.4%
-me
95.2%
-me
95.2%
inme
95.2%
-me
95.2%
andme
95.2%
atme
95.2%
andme
95.2%
atme
95.2%
-me
95.2%
inme
95.2%
andMe
95.2%
forme
95.2%
andme
95.2%
-me
95.2%
atme
95.2%
-me
95.2%
andme
95.2%
-be
91.3%
-be
91.3%
-be
91.3%
-be
91.3%
-be
91.3%
-be
91.3%
-be
91.3%
tobe
91.3%
-be
91.3%
-be
91.3%
-be
91.3%
tobe
91.3%
-be
91.3%
-be
91.3%
-be
91.3%
-so
89.2%
-so,
89.2%
-she
88.3%
Ah no-noshe
88.3%
Iwanna
87.9%
We allwanna
87.9%
-wanna
87.9%
Iwanna
87.9%
Iwanna
87.9%
-want
87.9%
-You
87.1%
atyou
87.1%
-you
87.1%
-You
87.1%
-you
87.1%
atyou
87.1%
foryou
87.1%
-you
87.1%
asyou
87.1%
-beautiful,
86.5%
-beautiful
86.5%
-beautiful
86.5%
at thebeautiful
86.5%
All of thebeautiful
86.5%
at thebeautiful
86.5%
at thebeautiful
86.5%
-Sha la...yeah
85.8%
-some
85%
Iwas
84.2%
Iwas
84.2%
-was
84.2%
-Sha la la...oh
83.9%
we allwant
83.9%
-up
83.7%
-up,
83.7%
-look
83.6%
Ilook
83.6%
with ablack
83.4%
-black
83.4%
-haired
83.2%
-haired
83.2%
-he
82.3%
-girl
82.2%
-She's
81.6%
-She's
81.6%
-She's
81.6%
-she's
81.6%
-She's
81.6%
-Starin'
81%
-starin'
81%
-starin'
81%
aconversation
81%
** * % Correct
-dance
80.1%
-down
80%
-down
80%
at thisyellow
79.8%
-looking
79.5%
-looking
79.5%
-looking
79.5%
-looking
79.5%
at theNew
79.2%
-know
79.2%
-know
79.2%
-know
79.2%
-know
79.2%
-Amsterdam
78.8%
-dancer
78.4%
-strikes
78.2%
Iwish
77.5%
-women
76.8%
-something
76.8%
-women
76.6%
-women
76.6%
And westare
76%
westare
76%
westare
76%
Idon't
75.5%
Idon't
75.5%
but wedon't
75.5%
and wedon't
75.5%
-wanna
75.1%
-is
75%
-is
75%
-Yeah
74.7%
-Yeah
74.7%
-Yeah,
74.7%
-guitar
74.1%
-guitar
74.1%
-guitar
74.1%
andplay
73.3%
-dances
72.8%
-dances
72.8%
-big
72.4%
-big
72.4%
-big
72.4%
-big
72.4%
-someone
72.1%
-someone
72.1%
-someone
72.1%
Iwanna
72%
-stars
71.6%
Weall
71.6%
-stars
71.6%
-stars
71.6%
-flamenco
71.1%
andgray
70.4%
-gray
70.4%
agray
70.4%
agray
70.4%
-When
70%
-When
70%
-when
70%
-When
70%
Butwhen
70%
-Believe
69.7%
-believe
69.7%
-Believe
69.7%
-believe
69.7%
tobelieve
69.7%
tobelieve
69.7%
tobelieve
69.7%
-Man,
68.3%
-everybody
68.2%
-everybody
68.2%
Aheverybody
68.2%
-everybody
68.2%
-everybody
68.2%
-Pass
67.9%
-pass
67.9%
-can
67.4%
-can
67.4%
ascan
67.4%
-color
67.3%
abottle,
67.1%
Socome
67.1%
of themSpanish
66.2%
-loves
65.7%
-loves
65.7%
-loves
65.7%
-loves
65.7%
-suddenly
65.6%
-who
65.4%
inanything
65.3%
inanything
65.3%
themorning
65.1%
-just
63.7%
-just
63.7%
-just
63.7%
-'Cause
63.6%
-'cause
63.6%
-while
63.6%
-myself
63.6%
** * % Correct
-myself
63.6%
-myself
63.6%
but wegot
63.2%
-got
63.2%
-gonna
62.9%
I'mgonna
62.9%
-gonna
62.9%
-plays
62.9%
myfavorite
62.9%
-think
62.2%
-Well
61.8%
-well
61.8%
-father
61.7%
forthat
61.5%
-Show
60.9%
-Yeah
60.3%
-Yeah,
60.3%
-Yeah
60.3%
-Yeah
60.3%
-red
59.5%
-believes
59.4%
-how
59.3%
-Picasso
58.4%
-funky
58.4%
asfunky
58.4%
Iwould
58%
-colors
57.9%
-his
57.8%
-why
57.7%
-Bob
57.6%
inblue
57.6%
-Dylan
57.5%
-through
57.2%
-through
57.2%
-through
57.2%
-are
56.8%
-buy
56.8%
-very
56.6%
-very
56.6%
-symbolic
56%
-yesterday
55.7%
-We're
55.4%
-see
55.2%
If Iknew
55.1%
Ifelt
54.7%
-back
54.5%
-Help
54.1%
-more
54%
alittle
53.9%
-right
53.3%
-Maria
53.2%
-fairy
53%
into thefuture
52.5%
-tell
52.5%
-other
52%
-tales
52%
-somebody
51.5%
-each
51.5%
at thetelevision
50.9%
-wishes
50.8%
-meaningful
50.7%
-about
49.9%
-about
49.9%
I'm apaint
49.7%
-Paint
49.7%
Man,there's
49.7%
in thespotlight
49.3%
-reasons
49%
-never
48.9%
-never
48.9%
I'mnever
48.9%
-never
48.9%
-lonely
48.5%
-lonely
48.5%
-lonely
48.5%
-lonely
48.5%
-different
48.3%
ashappy
48.3%
ascats
47.7%
thissilence
47.3%
-Uh huh
46.9%
-Uh huh
46.9%
-Standin'
46.5%
-Cut
46.2%
in thebright
45.5%
Iwill
45.2%
Iwill
45.2%
mypicture
44.1%
instereo
43.9%
-lights
42.1%
Ibought
41%
alion
39.3%
-Comin'
39.1%
-perfect
38.4%
at thevideo
34.9%
theBarrio
34.2%
Ah, son,that's
32.2%
-Smilin'
31.3%
-Said
23%
-stumbling
17.6%

You're not logged in!

Compare scores with friends on all Sporcle quizzes.
OR
Log In

Sporcle TV

Today on Sporcle TV


Watch our educational content, quiz creation guides, and fun videos on Sporcle TV.

Show Comments

Extras

Top Quizzes Today


Score Distribution

Your Account Isn't Verified!

In order to create a playlist on Sporcle, you need to verify the email address you used during registration. Go to your Sporcle Settings to finish the process.

Report this User

Report this user for behavior that violates our Community Guidelines.

Details: